Spôsob výroby céznej soli /

Uložené v:
Podrobná bibliografia
Hlavný autor: Bakke, Bart F. (XXX)
Médium: Kniha
Jazyk:Slovak
Vydané: Banská Bystrica : Úrad priemyselného vlastníctva SR, 2006
Fyzický popis: 15 s.
Tagy: Pridať tag
Žiadne tagy, Buďte prvý kto otaguje tento záznam!

MARC

LEADER 00000nam a2200000 a 4500
001 000330721
005 20060419144839.0
008 060419s2006 e sloo
040 |a KE001  |b slo 
084 |a C01D 17/00 
100 1 |a Bakke, Bart F.  |4 XXX 
245 1 0 |a Spôsob výroby céznej soli /  |c Bakke Bart F. 
260 |a Banská Bystrica :  |b Úrad priemyselného vlastníctva SR,  |c 2006 
300 |a 15 s. 
850 |a KE001 
998 |a PA 
921 |a 1356-97  |d SK  |j 22.3.2006 
090 |g SCKHL  |k SK41  |a 285 016  |j 775  |i I4489  |s Vyradená